'I'-Less African Countries Quiz Stats

 Plays Quiz Updated Apr 23, 2016

Challenge
Share
Tweet
Embed
Score 0/20 Timer 02:00
2 Plays Today
% Correct
Egypt
94.9%
Morocco
85.4%
Sudan
84.5%
Chad
83.4%
Kenya
83.1%
South Sudan
80%
Madagascar
78.2%
Rwanda
76.1%
Ghana
75.6%
Lesotho
75.2%
% Correct
Togo
71.1%
Uganda
70.7%
Angola
68.6%
Botswana
65%
Cameroon
64.9%
Senegal
62.3%
Gabon
62.1%
Comoros
59.7%
Seychelles
58.6%
Cabo Verde
55.7%

You're not logged in!

Compare scores with friends on all Sporcle quizzes.
Join for Free
OR
Log In

You Might Also Like...

Show Comments

Extras

Top Quizzes Today


Score Distribution

Your Account Isn't Verified!

In order to create a playlist on Sporcle, you need to verify the email address you used during registration. Go to your Sporcle Settings to finish the process.

Report this User

Report this user for behavior that violates our Community Guidelines.

Details: